书目信息 |
| 题名: |
符号计算选讲
|
|
| 作者: | 王东明 主编 | |
| 分册: | ||
| 出版信息: | 北京 清华大学出版社 2003.08 |
|
| 页数: | 288页 | |
| 开本: | 24cm | |
| 丛书名: | ||
| 单 册: | ||
| 中图分类: | O187 | |
| 科图分类: | ||
| 主题词: | 几何 , 拓扑 | |
| 电子资源: | ||
| ISBN: | 7-302-06839-9 | |
| 000 | 00559nam0 2200205 45 | |
| 001 | 0435606362 | |
| 005 | 20041011144651.81 | |
| 010 | @a7-302-06839-9@dCNY 36.00 | |
| 100 | @a20040429d2003 km y0chiy0120 ea | |
| 101 | 0 | @achi |
| 102 | @aCN@b110000 | |
| 200 | 1 | @a符号计算选讲@AFu Hao Ji Suan Xuan Jiang@f王东明主编@FWang Dong Ming Zhu Bian |
| 210 | @a北京@c清华大学出版社@d2003.08 | |
| 215 | @a288页@d24cm | |
| 606 | 0 | @a几何 |
| 606 | 0 | @a拓扑 |
| 690 | @aO187@v3 | |
| 701 | 0 | @a王东明@AWang Dong Ming@4主编 |
| 801 | 0 | @aCN@bPFT@c20041011 |
| 905 | @dO187@eW154 | |
| 符号计算选讲/王东明主编.-北京:清华大学出版社,2003.08 |
| 288页;24cm |
| ISBN 7-302-06839-9:CNY 36.00 |
| ● |
| 相关链接 |
|
|
|
正题名:符号计算选讲
索取号:O187/W154
 
预约/预借
| 序号 | 登录号 | 条形码 | 馆藏地/架位号 | 状态 | 备注 |
| 1 | 380225 | 203802251 | 自科库401/401自科库 76排2列2层/ [索取号:O187/W154] | 在馆 | |
| 2 | 380226 | 203802260 | 自科库401/401自科库 76排2列2层/ [索取号:O187/W154] | 在馆 | |
| 3 | 380227 | 203802279 | 自科库401/401自科库 76排2列2层/ [索取号:O187/W154] | 在馆 |